[Event "DVM U20 2023"]
[Site "Magdeburg GER"]
[Date "2023.12.28"]
[Round "3"]
[White "Ahlbrecht, Malte"]
[Black "Böhmer, Kimon"]
[Result "1-0"]
[Termination "normal"]
[Board "5.5"]
[WhiteElo "1727"]
[BlackElo "1784"]
[WhiteClock "00:13:07"]
[BlackClock "00:26:49"]
[WhiteTeam "SK Lehrte 1919"]
[BlackTeam "SV Königsjäger Süd-West"]
[PlyCount "53"]
[WhiteFideId "34620001"]
[BlackFideId "16281365"]
[EventCountry "GER"]
[EventRounds "7"]
[EventType "team-swiss"]
[EventDate "2023.12.26"]

1. e4 {[%clk 01:30:59]} e6 {[%clk 01:30:53]} {[%emt 00:00:06]} 2. d4 {[%clk
01:31:26]} {[%emt 00:00:04]} d5 {[%clk 01:31:19]} {[%emt 00:00:03]} 3. Nc3
{[%clk 01:31:55]} {[%emt 00:00:03]} Bb4 {[%clk 01:31:41]} {[%emt 00:00:07]} 4.
Nge2 {[%clk 01:32:00]} {[%emt 00:00:26]} dxe4 {[%clk 01:31:51]} {[%emt
00:00:18]} 5. a3 {[%clk 01:32:18]} {[%emt 00:00:14]} Bxc3+ {[%clk 01:32:15]}
{[%emt 00:00:06]} 6. Nxc3 {[%clk 01:32:47]} {[%emt 00:00:01]} Nc6 {[%clk
01:32:21]} {[%emt 00:00:24]} 7. Bf4 {[%clk 01:32:33]} {[%emt 00:00:44]} Nf6
{[%clk 01:26:10]} {[%emt 00:06:40]} 8. Bb5 {[%clk 01:32:39]} {[%emt 00:00:26]}
Bd7 {[%clk 01:23:37]} {[%emt 00:03:03]} 9. d5 {[%clk 01:30:19]} {[%emt
00:02:49]} exd5 {[%clk 01:22:37]} {[%emt 00:01:30]} 10. Nxd5 {[%clk 01:30:47]}
{[%emt 00:00:02]} Nxd5 {[%clk 01:22:52]} {[%emt 00:00:15]} 11. Qxd5 {[%clk
01:31:16]} {[%emt 00:00:01]} O-O {[%clk 01:13:32]} {[%emt 00:09:49]} 12. O-O-O
{[%clk 01:30:39]} {[%emt 00:01:08]} Bg4 {[%clk 01:10:52]} {[%emt 00:03:09]} 13.
Bxc6 {[%clk 00:38:00]} {[%emt 00:53:10]} bxc6 {[%clk 01:07:24]} {[%emt
00:03:56]} 14. Qxd8 {[%clk 00:35:33]} {[%emt 00:02:58]} Rc8 {[%emt 00:00:12]}
15. Qxf8+ Rxf8 {[%clk 01:07:42]} 16. Rd8 {[%clk 00:36:02]} {[%emt 00:00:01]}
Rxd8 {[%clk 01:08:00]} {[%emt 00:00:10]} 17. h3 {[%clk 00:31:11]} {[%emt
00:05:22]} Be6 {[%clk 01:06:51]} {[%emt 00:01:39]} 18. Bxc7 {[%clk 00:31:36]}
{[%emt 00:00:06]} Rd7 {[%clk 01:06:34]} {[%emt 00:00:46]} 19. Rd1 {[%clk
00:17:36]} {[%emt 00:14:30]} Bd5 {[%clk 01:01:42]} {[%emt 00:05:22]} 20. Bf4
{[%clk 00:17:44]} {[%emt 00:00:22]} Kf8 {[%clk 00:40:17]} {[%emt 00:21:55]} 21.
c4 {[%clk 00:17:22]} {[%emt 00:00:52]} Be6 {[%clk 00:40:44]} {[%emt 00:00:03]}
22. Rxd7 {[%clk 00:16:59]} {[%emt 00:00:54]} Bxd7 {[%clk 00:41:07]} {[%emt
00:00:07]} 23. Kc2 {[%clk 00:17:26]} {[%emt 00:00:02]} Ke7 {[%clk 00:40:16]}
{[%emt 00:01:19]} 24. Be3 {[%clk 00:13:22]} {[%emt 00:04:36]} a6 {[%clk
00:35:53]} {[%emt 00:04:54]} 25. Kc3 {[%clk 00:12:41]} {[%emt 00:01:11]} Kd6
{[%clk 00:26:24]} {[%emt 00:09:58]} 26. Bf4+ {[%clk 00:12:45]} {[%emt
00:00:26]} Kc5 {[%clk 00:26:49]} {[%emt 00:00:06]} 27. Bc7 {[%clk 00:13:07]}
{[%emt 00:00:08]} 1-0

[Event "DVM U20 2023"]
[Site "Magdeburg GER"]
[Date "2023.12.28"]
[Round "3"]
[White "Liu, Jonas"]
[Black "Kosmehl, Konrad"]
[Result "1-0"]
[Termination "normal"]
[Board "5.6"]
[WhiteElo "1761"]
[BlackElo "1193"]
[WhiteClock "00:28:41"]
[BlackClock "00:19:08"]
[WhiteTeam "SV Königsjäger Süd-West"]
[BlackTeam "SK Lehrte 1919"]
[PlyCount "119"]
[WhiteFideId "34633960"]
[BlackFideId "16283120"]
[EventCountry "GER"]
[EventRounds "7"]
[EventType "team-swiss"]
[EventDate "2023.12.26"]

1. d4 {[%clk 01:30:59]} {[%emt 00:00:02]} d5 {[%clk 01:30:59]} {[%emt
00:00:01]} 2. Nf3 {[%clk 01:31:24]} {[%emt 00:00:05]} Nf6 {[%clk 01:31:26]}
{[%emt 00:00:02]} 3. g3 {[%clk 01:31:50]} {[%emt 00:00:05]} Bf5 {[%clk
01:31:07]} {[%emt 00:00:49]} 4. Bg2 {[%clk 01:32:15]} {[%emt 00:00:05]} e6
{[%clk 01:31:31]} {[%emt 00:00:06]} 5. c4 {[%clk 01:32:38]} {[%emt 00:00:07]}
c6 {[%clk 01:31:34]} {[%emt 00:00:26]} 6. Nc3 {[%clk 01:33:04]} {[%emt
00:00:05]} Bd6 {[%clk 01:31:39]} {[%emt 00:00:25]} 7. Qb3 {[%clk 01:33:28]}
{[%emt 00:00:06]} Qb6 {[%clk 01:31:03]} {[%emt 00:01:06]} 8. c5 {[%clk
01:33:49]} {[%emt 00:00:09]} Qxb3 {[%clk 01:31:11]} {[%emt 00:00:23]} 9. axb3
{[%clk 01:34:17]} {[%emt 00:00:01]} Bc7 {[%clk 01:31:07]} {[%emt 00:00:33]} 10.
b4 {[%clk 01:34:13]} {[%emt 00:00:34]} Nbd7 {[%clk 01:30:43]} {[%emt 00:00:55]}
11. b5 {[%clk 01:34:03]} {[%emt 00:00:40]} O-O {[%clk 01:30:17]} {[%emt
00:00:56]} 12. bxc6 {[%clk 01:31:01]} {[%emt 00:03:32]} bxc6 {[%clk 01:28:23]}
{[%emt 00:02:24]} 13. Nh4 {[%clk 01:19:05]} {[%emt 00:12:26]} Bc2 {[%clk
01:25:05]} {[%emt 00:03:49]} 14. Ra6 {[%clk 01:13:47]} {[%emt 00:05:48]} Rfc8
{[%clk 01:17:56]} {[%emt 00:07:38]} 15. Na2 {[%clk 01:07:51]} {[%emt 00:06:26]}
Nb8 {[%clk 01:14:58]} {[%emt 00:03:29]} 16. Ra3 {[%clk 01:07:38]} {[%emt
00:00:43]} a5 {[%clk 01:09:59]} {[%emt 00:05:29]} 17. Kd2 {[%clk 01:06:00]}
{[%emt 00:02:07]} Be4 {[%clk 01:07:29]} {[%emt 00:03:01]} 18. f3 {[%clk
01:04:13]} {[%emt 00:02:16]} Bg6 {[%clk 01:07:24]} {[%emt 00:00:35]} 19. e3
{[%clk 01:00:11]} {[%emt 00:04:32]} e5 {[%clk 01:06:15]} {[%emt 00:01:40]} 20.
Nxg6 {[%clk 00:55:53]} {[%emt 00:04:47]} hxg6 {[%clk 01:06:42]} {[%emt
00:00:02]} 21. Bf1 {[%clk 00:55:22]} {[%emt 00:01:02]} exd4 {[%clk 01:04:02]}
{[%emt 00:03:11]} 22. exd4 {[%clk 00:55:43]} {[%emt 00:00:08]} Re8 {[%clk
01:02:49]} {[%emt 00:01:42]} 23. b4 {[%clk 00:54:12]} {[%emt 00:02:02]} Nbd7
{[%clk 01:00:29]} {[%emt 00:02:51]} 24. b5 {[%clk 00:53:10]} {[%emt 00:01:32]}
cxb5 {[%clk 00:51:26]} {[%emt 00:09:32]} 25. Bxb5 {[%clk 00:51:53]} {[%emt
00:01:47]} g5 {[%clk 00:41:49]} {[%emt 00:10:09]} 26. Nc3 {[%clk 00:45:46]}
{[%emt 00:06:37]} Re7 {[%clk 00:40:58]} {[%emt 00:01:20]} 27. Bc6 {[%clk
00:36:18]} {[%emt 00:09:57]} Ra6 {[%clk 00:25:06]} {[%emt 00:16:23]} 28. Bb5
{[%clk 00:29:29]} {[%emt 00:07:20]} Rae6 {[%clk 00:20:55]} {[%emt 00:04:41]}
29. Kc2 {[%clk 00:21:56]} {[%emt 00:08:02]} g4 {[%clk 00:17:56]} {[%emt
00:03:30]} 30. fxg4 {[%clk 00:19:59]} {[%emt 00:02:26]} Nxg4 {[%clk 00:17:42]}
{[%emt 00:00:43]} 31. Nxd5 {[%clk 00:19:32]} {[%emt 00:00:57]} Ndf6 {[%clk
00:14:12]} {[%emt 00:04:00]} 32. Nxe7+ {[%clk 00:18:15]} {[%emt 00:01:47]} Rxe7
{[%clk 00:14:40]} {[%emt 00:00:02]} 33. Bd2 {[%clk 00:14:48]} {[%emt 00:03:57]}
Re4 {[%clk 00:09:34]} {[%emt 00:05:35]} 34. Kc3 {[%clk 00:10:27]} {[%emt
00:04:51]} Nd5+ {[%clk 00:03:58]} {[%emt 00:06:07]} 35. Kc4 {[%clk 00:09:12]}
{[%emt 00:01:44]} Re2 {[%clk 00:03:38]} {[%emt 00:00:50]} 36. Bxa5 {[%clk
00:06:14]} {[%emt 00:03:28]} Bxa5 {[%clk 00:01:24]} {[%emt 00:02:44]} 37. Kxd5
{[%clk 00:04:44]} {[%emt 00:01:59]} Nf6+ {[%clk 00:01:28]} {[%emt 00:00:27]}
38. Kc6 {[%clk 00:04:02]} {[%emt 00:01:12]} Re6+ {[%clk 00:01:14]} {[%emt
00:00:44]} 39. Kb7 {[%clk 00:04:18]} {[%emt 00:00:13]} Re7+ {[%clk 00:00:41]}
{[%emt 00:01:03]} 40. Ka6 {[%clk 00:03:48]} {[%emt 00:01:01]} Bc7 {[%clk
00:00:38]} {[%emt 00:00:32]} 41. Bc6 {[%clk 00:03:42]} {[%emt 00:00:36]} Bb8
{[%clk 00:27:18]} {[%emt 00:03:50]} 42. Kb5 {[%clk 00:32:51]} {[%emt 00:01:21]}
Re2 {[%clk 00:25:46]} {[%emt 00:02:03]} 43. Rb1 {[%clk 00:32:21]} {[%emt
00:00:59]} Kh7 {[%clk 00:23:58]} {[%emt 00:02:18]} 44. Ra8 {[%clk 00:31:18]}
{[%emt 00:01:33]} Bc7 {[%emt 00:01:38]} 45. Rc8 {[%clk 00:30:45]} Re7 {[%clk
00:23:18]} {[%emt 00:01:06]} 46. d5 {[%clk 00:30:21]} {[%emt 00:00:54]} Ne4
{[%clk 00:21:07]} {[%emt 00:02:41]} 47. Rb4 {[%clk 00:29:32]} {[%emt 00:01:19]}
Nc3+ {[%clk 00:20:49]} {[%emt 00:00:48]} 48. Ka6 {[%clk 00:29:08]} {[%emt
00:00:54]} Ne4 {[%clk 00:17:26]} {[%emt 00:03:52]} 49. Rxe4 {[%clk 00:26:15]}
{[%emt 00:03:24]} Rxe4 {[%clk 00:17:38]} {[%emt 00:00:17]} 50. Rxc7 {[%clk
00:26:34]} {[%emt 00:00:11]} Re2 {[%clk 00:17:26]} {[%emt 00:00:42]} 51. d6
{[%clk 00:26:54]} {[%emt 00:00:12]} Ra2+ {[%clk 00:17:49]} {[%emt 00:00:06]}
52. Kb7 {[%clk 00:27:17]} {[%emt 00:00:07]} Rb2+ {[%clk 00:17:55]} {[%emt
00:00:24]} 53. Kc8 {[%clk 00:27:41]} {[%emt 00:00:06]} Rc2 {[%clk 00:17:35]}
{[%emt 00:00:50]} 54. Be4+ {[%clk 00:28:05]} {[%emt 00:00:06]} g6 {[%clk
00:17:53]} {[%emt 00:00:13]} 55. Bxc2 {[%clk 00:28:30]} {[%emt 00:00:05]} Kg7
{[%clk 00:18:11]} {[%emt 00:00:12]} 56. d7 {[%clk 00:28:56]} {[%emt 00:00:05]}
Kh7 {[%clk 00:18:21]} {[%emt 00:00:19]} 57. d8=Q {[%clk 00:29:19]} {[%emt
00:00:07]} Kg7 {[%clk 00:18:46]} {[%emt 00:00:05]} 58. Qd4+ {[%clk 00:29:37]}
{[%emt 00:00:13]} Kh6 {[%clk 00:18:47]} {[%emt 00:00:29]} 59. Qh8+ {[%clk
00:29:52]} {[%emt 00:00:14]} Kg5 {[%clk 00:19:08]} {[%emt 00:00:10]} 60. Qh4#
{[%clk 00:28:41]} {[%emt 00:00:16]} 1-0

[Event "DVM U20 2023"]
[Site "Magdeburg GER"]
[Date "2023.12.28"]
[Round "3"]
[White "Lohr, Maximilian"]
[Black "Helmsdorf, Marius"]
[Result "1/2-1/2"]
[Termination "normal"]
[Board "6.1"]
[WhiteElo "2061"]
[BlackElo "1891"]
[WhiteClock "00:05:45"]
[BlackClock "00:06:07"]
[WhiteTeam "FC Ergolding 1932"]
[BlackTeam "ESV Gera"]
[PlyCount "88"]
[WhiteFideId "12999717"]
[BlackFideId "16274873"]
[EventCountry "GER"]
[EventRounds "7"]
[EventType "team-swiss"]
[EventDate "2023.12.26"]

1. d4 {[%clk 01:30:58]} {[%emt 00:00:01]} d5 {[%clk 01:30:55]} {[%emt
00:00:06]} 2. Nc3 {[%clk 01:31:16]} {[%emt 00:00:12]} Nf6 {[%clk 01:31:20]}
{[%emt 00:00:05]} 3. Bf4 {[%clk 01:31:39]} {[%emt 00:00:08]} c5 {[%clk
01:31:24]} {[%emt 00:00:25]} 4. e3 {[%clk 01:31:29]} {[%emt 00:00:41]} cxd4
{[%clk 01:31:44]} {[%emt 00:00:10]} 5. exd4 {[%clk 01:31:50]} {[%emt 00:00:09]}
Bg4 {[%clk 01:31:22]} {[%emt 00:00:50]} 6. f3 {[%clk 01:31:51]} {[%emt
00:00:29]} Bd7 {[%clk 01:31:48]} {[%emt 00:00:04]} 7. Nb5 {[%clk 01:32:07]}
{[%emt 00:00:14]} Bxb5 {[%clk 01:32:11]} {[%emt 00:00:08]} 8. Bxb5+ {[%clk
01:32:32]} {[%emt 00:00:06]} Nc6 {[%clk 01:32:35]} {[%emt 00:00:05]} 9. c3
{[%clk 01:32:43]} {[%emt 00:00:17]} a6 {[%clk 01:32:04]} {[%emt 00:01:03]} 10.
Bd3 {[%clk 01:32:42]} {[%emt 00:00:30]} e6 {[%clk 01:32:29]} {[%emt 00:00:06]}
11. Qd2 {[%clk 01:32:11]} {[%emt 00:01:01]} Bd6 {[%clk 01:32:17]} {[%emt
00:00:42]} 12. Ne2 {[%clk 01:31:39]} {[%emt 00:01:02]} O-O {[%clk 01:30:29]}
{[%emt 00:02:18]} 13. O-O {[%clk 01:31:40]} {[%emt 00:00:29]} b5 {[%clk
01:28:30]} {[%emt 00:02:29]} 14. a3 {[%clk 01:29:42]} {[%emt 00:02:28]} Na5
{[%clk 01:23:46]} {[%emt 00:05:15]} 15. Bxd6 {[%clk 01:28:59]} {[%emt
00:01:13]} Qxd6 {[%clk 01:23:40]} {[%emt 00:00:35]} 16. Qf4 {[%clk 01:29:24]}
{[%emt 00:00:06]} Qe7 {[%clk 01:22:33]} {[%emt 00:01:37]} 17. g4 {[%clk
01:21:56]} {[%emt 00:07:58]} Rfc8 {[%clk 01:19:05]} {[%emt 00:03:57]} 18. g5
{[%clk 01:04:31]} {[%emt 00:17:56]} Nd7 {[%clk 01:18:53]} {[%emt 00:00:42]} 19.
Ng3 {[%clk 01:03:57]} {[%emt 00:01:04]} Nc4 {[%clk 01:10:55]} {[%emt 00:08:28]}
20. Rf2 {[%clk 01:03:46]} {[%emt 00:00:40]} a5 {[%clk 00:51:29]} {[%emt
00:19:57]} 21. Re1 {[%clk 01:03:39]} {[%emt 00:00:37]} Qd6 {[%clk 00:51:07]}
{[%emt 00:00:53]} 22. Qh4 {[%clk 01:02:47]} {[%emt 00:01:22]} g6 {[%clk
00:49:11]} {[%emt 00:02:26]} 23. f4 {[%clk 01:01:36]} {[%emt 00:01:40]} Nf8
{[%clk 00:43:46]} {[%emt 00:05:54]} 24. Qh6 {[%clk 00:56:20]} {[%emt 00:05:47]}
Qc6 {[%clk 00:37:30]} {[%emt 00:06:47]} 25. f5 {[%clk 00:27:09]} {[%emt
00:29:40]} exf5 {[%clk 00:36:59]} {[%emt 00:01:01]} 26. Re7 {[%clk 00:25:00]}
{[%emt 00:02:39]} Nd6 {[%clk 00:30:28]} {[%emt 00:07:01]} 27. Bxf5 {[%clk
00:15:40]} {[%emt 00:09:50]} Nxf5 {[%clk 00:26:43]} {[%emt 00:04:15]} 28. Nxf5
{[%clk 00:14:40]} {[%emt 00:01:30]} gxf5 {[%clk 00:27:06]} {[%emt 00:00:07]}
29. Qxc6 {[%clk 00:13:30]} {[%emt 00:01:40]} Rxc6 {[%clk 00:27:33]} {[%emt
00:00:05]} 30. Rxf5 {[%clk 00:13:54]} {[%emt 00:00:05]} Rg6 {[%clk 00:24:52]}
{[%emt 00:03:10]} 31. Rxd5 {[%clk 00:12:36]} {[%emt 00:01:48]} Rb8 {[%clk
00:24:35]} {[%emt 00:00:48]} 32. h4 {[%clk 00:12:15]} {[%emt 00:00:51]} Ne6
{[%clk 00:19:32]} {[%emt 00:05:33]} 33. Rf5 {[%clk 00:12:09]} {[%emt 00:00:35]}
h6 {[%clk 00:15:43]} {[%emt 00:04:20]} 34. Rfxf7 {[%clk 00:07:17]} {[%emt
00:05:21]} hxg5 {[%clk 00:15:12]} {[%emt 00:01:02]} 35. h5 {[%clk 00:07:43]}
{[%emt 00:00:05]} Rg7 {[%clk 00:15:13]} {[%emt 00:00:28]} 36. Rxg7+ {[%clk
00:07:52]} {[%emt 00:00:21]} Nxg7 {[%clk 00:15:39]} {[%emt 00:00:04]} 37. Re5
{[%clk 00:07:00]} {[%emt 00:01:23]} Nxh5 {[%clk 00:15:19]} {[%emt 00:00:49]}
38. Rxg5+ {[%clk 00:06:56]} {[%emt 00:00:34]} Ng7 {[%clk 00:15:07]} {[%emt
00:00:42]} 39. Kf2 {[%clk 00:06:42]} {[%emt 00:00:43]} Kf7 {[%clk 00:15:02]}
{[%emt 00:00:36]} 40. Ke3 {[%clk 00:06:54]} {[%emt 00:00:17]} Kf6 {[%clk
00:09:56]} {[%emt 00:05:37]} 41. Rd5 {[%clk 00:06:37]} {[%emt 00:00:47]} a4
{[%clk 00:06:46]} {[%emt 00:03:40]} 42. Kd3 {[%clk 00:06:27]} {[%emt 00:00:40]}
Ke6 {[%clk 00:06:00]} {[%emt 00:01:16]} 43. Re5+ {[%clk 00:06:23]} {[%emt
00:00:35]} Kd6 {[%clk 00:06:07]} {[%emt 00:00:22]} 44. c4 {[%clk 00:05:45]}
{[%emt 00:01:08]} bxc4+ {[%emt 00:01:24]} 1/2-1/2

[Event "DVM U20 2023"]
[Site "Magdeburg GER"]
[Date "2023.12.28"]
[Round "3"]
[White "Liebold, Aaron"]
[Black "Mooser, Nicolas"]
[Result "1-0"]
[Termination "normal"]
[Board "6.2"]
[WhiteElo "2037"]
[BlackElo "2028"]
[WhiteClock "00:10:02"]
[BlackClock "00:35:07"]
[WhiteTeam "ESV Gera"]
[BlackTeam "FC Ergolding 1932"]
[PlyCount "45"]
[WhiteFideId "12997846"]
[BlackFideId "12979406"]
[EventCountry "GER"]
[EventRounds "7"]
[EventType "team-swiss"]
[EventDate "2023.12.26"]

1. e4 {[%clk 01:30:57]} {[%emt 00:00:02]} c5 {[%clk 01:30:55]} {[%emt
00:00:06]} 2. Nf3 {[%clk 01:31:24]} {[%emt 00:00:03]} e6 {[%clk 01:31:20]}
{[%emt 00:00:05]} 3. d4 {[%clk 01:31:50]} {[%emt 00:00:04]} cxd4 {[%clk
01:31:46]} {[%emt 00:00:03]} 4. Nxd4 {[%clk 01:32:16]} {[%emt 00:00:05]} Nc6
{[%clk 01:32:10]} {[%emt 00:00:04]} 5. Nc3 {[%clk 01:32:42]} {[%emt 00:00:06]}
Qc7 {[%clk 01:32:34]} {[%emt 00:00:06]} 6. Be2 {[%clk 01:32:33]} {[%emt
00:00:41]} Nf6 {[%clk 01:31:51]} {[%emt 00:01:12]} 7. Be3 {[%clk 01:31:00]}
{[%emt 00:02:02]} Be7 {[%clk 01:31:40]} {[%emt 00:00:40]} 8. f4 {[%clk
01:28:23]} {[%emt 00:03:08]} d6 {[%clk 01:30:57]} {[%emt 00:01:13]} 9. Qd2
{[%clk 01:24:57]} {[%emt 00:03:56]} O-O {[%clk 01:29:48]} {[%emt 00:01:39]} 10.
O-O-O {[%clk 01:17:17]} {[%emt 00:08:10]} a6 {[%clk 01:28:34]} {[%emt
00:01:44]} 11. g4 {[%clk 01:14:05]} {[%emt 00:03:43]} Nxd4 {[%clk 01:19:02]}
{[%emt 00:10:03]} 12. Qxd4 {[%clk 01:10:42]} {[%emt 00:03:53]} b5 {[%clk
01:11:46]} {[%emt 00:07:45]} 13. g5 {[%clk 00:40:16]} {[%emt 00:30:56]} Ne8
{[%clk 01:09:35]} {[%emt 00:02:40]} 14. a3 {[%clk 00:35:37]} {[%emt 00:05:11]}
Bb7 {[%clk 01:06:49]} {[%emt 00:03:15]} 15. Rhf1 {[%clk 00:34:29]} {[%emt
00:01:39]} Rc8 {[%clk 01:02:54]} {[%emt 00:04:23]} 16. f5 {[%clk 00:29:14]}
{[%emt 00:05:46]} d5 {[%clk 00:55:49]} {[%emt 00:07:35]} 17. fxe6 {[%clk
00:22:36]} {[%emt 00:07:10]} fxe6 {[%clk 00:54:00]} {[%emt 00:02:18]} 18. exd5
{[%clk 00:21:41]} {[%emt 00:01:25]} Bxd5 {[%clk 00:49:08]} {[%emt 00:05:22]}
19. Bd3 {[%clk 00:11:04]} {[%emt 00:11:07]} Bc5 {[%clk 00:38:26]} {[%emt
00:11:11]} 20. Rxf8+ {[%clk 00:11:05]} {[%emt 00:00:30]} Bxf8 {[%clk 00:35:03]}
{[%emt 00:03:53]} 21. Nxd5 {[%clk 00:10:48]} {[%emt 00:00:47]} exd5 {[%clk
00:35:06]} {[%emt 00:00:27]} 22. Qxd5+ {[%clk 00:10:32]} {[%emt 00:00:47]} Kh8
{[%clk 00:35:07]} {[%emt 00:00:28]} 23. Qf5 {[%clk 00:10:02]} {[%emt 00:00:59]}
1-0

[Event "DVM U20 2023"]
[Site "Magdeburg GER"]
[Date "2023.12.28"]
[Round "3"]
[White "Astner, Sebastian"]
[Black "Frank, Marek"]
[Result "1/2-1/2"]
[Termination "normal"]
[Board "6.3"]
[WhiteElo "1881"]
[BlackElo "1596"]
[WhiteClock "00:39:40"]
[BlackClock "00:22:10"]
[WhiteTeam "FC Ergolding 1932"]
[BlackTeam "ESV Gera"]
[PlyCount "86"]
[WhiteFideId "12979422"]
[BlackFideId "16239520"]
[EventCountry "GER"]
[EventRounds "7"]
[EventType "team-swiss"]
[EventDate "2023.12.26"]

1. d4 {[%clk 01:30:52]} {[%emt 00:00:06]} d5 {[%emt 00:00:19]} 2. Nc3 {[%clk
01:31:14]} {[%emt 00:00:01]} Nf6 {[%clk 01:31:01]} {[%emt 00:00:18]} 3. Bf4
{[%clk 01:31:37]} {[%emt 00:00:06]} a6 {[%clk 01:31:10]} {[%emt 00:00:22]} 4.
e3 {[%clk 01:31:51]} {[%emt 00:00:16]} b5 {[%clk 01:30:29]} {[%emt 00:01:10]}
5. h4 {[%clk 01:29:25]} {[%emt 00:02:57]} e6 {[%clk 01:27:50]} {[%emt
00:03:08]} 6. g4 {[%clk 01:29:30]} {[%emt 00:00:25]} b4 {[%clk 01:26:35]}
{[%emt 00:01:44]} 7. Nb1 {[%clk 01:28:45]} {[%emt 00:01:16]} Bd6 {[%clk
01:25:21]} {[%emt 00:01:44]} 8. Qf3 {[%clk 01:28:26]} {[%emt 00:00:49]} Ne4
{[%clk 01:20:53]} {[%emt 00:04:58]} 9. Nd2 {[%clk 01:26:49]} {[%emt 00:02:07]}
Nxd2 {[%clk 01:19:47]} {[%emt 00:01:36]} 10. Kxd2 {[%emt 00:00:02]} c5 {[%clk
01:16:06]} {[%emt 00:04:10]} 11. g5 {[%clk 01:22:22]} {[%emt 00:05:25]} Nc6
{[%clk 01:05:52]} {[%emt 00:10:45]} 12. Qg3 {[%clk 01:17:01]} {[%emt 00:05:51]}
Bxf4 {[%clk 01:03:56]} {[%emt 00:02:26]} 13. Qxf4 {[%clk 01:17:25]} {[%emt
00:00:06]} c4 {[%clk 01:03:24]} {[%emt 00:01:02]} 14. b3 {[%clk 01:17:19]}
{[%emt 00:00:36]} c3+ {[%clk 01:00:41]} {[%emt 00:03:12]} 15. Kd1 {[%clk
01:16:48]} {[%emt 00:01:02]} Bb7 {[%clk 00:47:05]} {[%emt 00:14:07]} 16. Nf3
{[%clk 01:13:38]} {[%emt 00:03:39]} Qb8 {[%clk 00:42:57]} {[%emt 00:04:37]} 17.
Qg4 {[%clk 01:09:26]} {[%emt 00:04:43]} Qd6 {[%clk 00:42:51]} {[%emt 00:00:36]}
18. h5 {[%clk 01:03:42]} {[%emt 00:06:14]} Kd7 {[%clk 00:35:12]} {[%emt
00:08:09]} 19. Ne5+ {[%clk 00:55:53]} {[%emt 00:08:19]} Nxe5 {[%clk 00:34:47]}
{[%emt 00:00:55]} 20. dxe5 {[%clk 00:56:18]} {[%emt 00:00:05]} Qc5 {[%clk
00:33:41]} {[%emt 00:01:35]} 21. Rh4 {[%clk 00:53:54]} {[%emt 00:02:55]} a5
{[%clk 00:32:27]} {[%emt 00:01:45]} 22. h6 {[%clk 00:48:54]} {[%emt 00:05:29]}
gxh6 {[%clk 00:25:54]} {[%emt 00:07:02]} 23. Rxh6 {[%clk 00:43:07]} {[%emt
00:06:17]} Rag8 {[%clk 00:22:59]} {[%emt 00:03:23]} 24. Bd3 {[%clk 00:41:54]}
{[%emt 00:01:45]} Rg7 {[%clk 00:16:18]} {[%emt 00:07:11]} 25. Ke2 {[%clk
00:39:26]} {[%emt 00:02:58]} Bc6 {[%clk 00:14:58]} {[%emt 00:01:50]} 26. Rg1
{[%clk 00:38:37]} {[%emt 00:01:19]} Bb5 {[%clk 00:14:21]} {[%emt 00:01:08]} 27.
Qd4 {[%clk 00:38:58]} {[%emt 00:00:09]} Bxd3+ {[%clk 00:13:00]} {[%emt
00:01:51]} 28. Qxd3 {[%clk 00:39:16]} {[%emt 00:00:12]} Kc6 {[%clk 00:11:29]}
{[%emt 00:02:01]} 29. f4 {[%clk 00:38:40]} {[%emt 00:01:06]} Rd8 {[%clk
00:07:00]} {[%emt 00:04:59]} 30. f5 {[%clk 00:33:32]} {[%emt 00:05:39]} Kd7
{[%clk 00:01:52]} {[%emt 00:05:36]} 31. f6 {[%clk 00:32:31]} {[%emt 00:01:32]}
Rgg8 {[%clk 00:01:24]} {[%emt 00:00:58]} 32. Rxh7 {[%clk 00:32:39]} {[%emt
00:00:22]} Rdf8 {[%clk 00:01:43]} {[%emt 00:00:11]} 33. g6 {[%clk 00:31:40]}
{[%emt 00:01:29]} Kd8 {[%clk 00:00:55]} {[%emt 00:01:17]} 34. g7 {[%clk
00:31:29]} {[%emt 00:00:42]} Re8 {[%clk 00:01:21]} {[%emt 00:00:04]} 35. Rgh1
{[%clk 00:31:52]} {[%emt 00:00:07]} Qc7 {[%clk 00:00:36]} {[%emt 00:01:15]} 36.
Qd4 {[%clk 00:31:23]} {[%emt 00:01:00]} Kd7 {[%clk 00:00:46]} {[%emt 00:00:19]}
37. Rh8 {[%clk 00:30:24]} {[%emt 00:01:30]} Qb8 {[%clk 00:01:01]} {[%emt
00:00:15]} 38. Rxg8 {[%clk 00:29:06]} {[%emt 00:01:48]} Rxg8 {[%clk 00:01:28]}
{[%emt 00:00:02]} 39. Qc5 {[%clk 00:29:24]} {[%emt 00:00:13]} Qxe5 {[%clk
00:01:02]} {[%emt 00:00:56]} 40. Rh8 {[%clk 00:22:29]} {[%emt 00:07:24]} Qe4
{[%clk 00:00:42]} {[%emt 00:00:49]} 41. Qb5+ {[%clk 00:20:14]} {[%emt
00:02:45]} Kd6 {[%clk 00:25:35]} {[%emt 00:05:37]} 42. Rxg8 {[%clk 00:39:21]}
{[%emt 00:11:24]} Qg2+ {[%clk 00:21:54]} {[%emt 00:04:11]} 43. Ke1 {[%clk
00:39:40]} {[%emt 00:00:11]} Qg1+ {[%clk 00:22:10]} {[%emt 00:00:14]} 1/2-1/2